000 00389pab a2200145 454500
008 180718b2017 xxu||||| |||| 00| 0 eng d
100 _aSunil Kumar
245 _aIndividual, institutional and societal ethics: a concept of 'dharma'
260 _c2017
300 _ap.125-136.
362 _aJul
650 _aPublic administration
773 _aJournal of Governance
909 _a115789
999 _c115783
_d115783